Sobre que se confirme en todo lo favorable la sentencia de vista de esta real audiencia en que se declaró por nulo el testamento...

Detalles Bibliográficos
Autor principal: De LA TORRE CID, Josepha
Formato: Libro
Publicado: México 1727
Materias:
Colección:Banco de datos
Acervo:Biblioteca del Ex Convento de Nuestra Señora de Guadalupe. Zacatecas
Tema general:Derecho Civil
Notas:Regular. III,5,15(822). Forma parte de una miscelánea de 10 obras. Sin marca de fuego
LEADER 00841nam a22001930004500
035 |a 39186 
036 |a 370 
100 1 |a De LA TORRE CID, Josepha 
245 1 0 |a Sobre que se confirme en todo lo favorable la sentencia de vista de esta real audiencia en que se declaró por nulo el testamento... 
260 |a México  |b imp. Herederos de la viuda de Miguel Rivera  |c 1727 
500 |a Regular. III,5,15(822). Forma parte de una miscelánea de 10 obras. Sin marca de fuego 
650 1 0 |a Derecho Civil 
949 |a CRZ-CG 
959 |a Ex convento de Nuestra Señora de Guadalupe, Museo Regional de Zacatecas, Zacatecas  |b CCC4 
960 |a Convento de Nuestra Señora de Guadalupe, Zacatecas  |b DD87 
961 |a Franciscana  |b OF 
942 |c CRZ-CG 
943 |g Biblioteca del Ex Convento de Nuestra Señora de Guadalupe. Zacatecas 
999 |c 963313  |d 963313